Flags of Countries in 1992 - Statistics

General Stats
  • This quiz has been taken 26 times
  • The average score is 10 of 15
Answer Stats
Picture Answer % Correct
Afghanistan
90%
San Marino
90%
Syria
90%
Iraq
80%
Democratic Republic of the Congo
75%
Libya
75%
Rwanda
75%
Belarus
70%
Georgia
60%
Myanmar
60%
Bosnia and Herzegovina
55%
Comoros
55%
Ethiopia
55%
Lesotho
50%
Seychelles
45%
No matching quizzes found
Score Distribution
Percent of People with Each Score
Percentile by Number Answered
Your Score History
You have not taken this quiz